Amburukay (Record no. 8741)

MARC details
000 -LEADER
fixed length control field 00664nam a22002057i 4500
003 - CONTROL NUMBER IDENTIFIER
control field URS
005 - DATE AND TIME OF LATEST TRANSACTION
control field 20220114153509.0
008 - FIXED-LENGTH DATA ELEMENTS--GENERAL INFORMATION
fixed length control field 190123b ||||| |||| 00| 0 eng d
020 ## - INTERNATIONAL STANDARD BOOK NUMBER
International Standard Book Number 978971542769
040 ## - CATALOGING SOURCE
Language of cataloging eng
Description conventions rda
Transcribing agency URS Pililla Library
082 00 - DEWEY DECIMAL CLASSIFICATION NUMBER
Classification number 899.21810309
Item number C11a 2015
100 1# - MAIN ENTRY--PERSONAL NAME
Personal name Caballero, Federico
Relator term Author
245 10 - TITLE STATEMENT
Title Amburukay
Remainder of title Sugidanon (epics) of Panay-book 2
Statement of responsibility, etc. Federico Caballero
264 #1 - PRODUCTION, PUBLICATION, DISTRIBUTION, MANUFACTURE, AND COPYRIGHT NOTICE
Place of production, publication, distribution, manufacture Quezon City
Name of producer, publisher, distributor, manufacturer The University of the Philippines, Press
Date of production, publication, distribution, manufacture, or copyright notice 2015.
336 ## - CONTENT TYPE
Content type term text
Content type code txt
Source rdacontent
337 ## - MEDIA TYPE
Media type term unmediated
Media type code n
Source rdamedia
338 ## - CARRIER TYPE
Carrier type term volume
Carrier type code nc
Source rdacarrier
300 ## - PHYSICAL DESCRIPTION
Extent vii, 184 pages:
Other physical details illustration;
Dimensions 15 cm.
942 ## - ADDED ENTRY ELEMENTS (KOHA)
Source of classification or shelving scheme Dewey Decimal Classification
Koha item type Filipiniana
Holdings
Withdrawn status Source of classification or shelving scheme Damaged status Not for loan Collection code Home library Current library Shelving location Date acquired Source of acquisition Total Checkouts Full call number Barcode Date last seen Copy number Price effective from Koha item type
  Dewey Decimal Classification     Non-fiction Pililla College Library Pililla College Library General Stacks 01/23/2019 purchased   899.21810309 C11a 2015 URSPIL-6110 01/23/2019 1 01/23/2019 Filipiniana
  Dewey Decimal Classification     Non-fiction Pililla College Library Pililla College Library General Stacks 01/23/2019 purchased   899.21810309 C11a 2015 URSPIL-6111 01/23/2019 2 01/23/2019 Filipiniana

University of Rizal System
Email us at univlibservices@urs.edu.ph

Visit our Website www.urs.edu.ph/library